Přehled psychofarmak v léčbě psychických poruch

Hlavní autor: Švestka, Jaromír, 1937-2019
Jazyk: Čeština
Vydáno: Brno, 1974
Knihy
Uloženo v:
LEADER 00515nam a22001692a 4500
001 000119029
003 CZ BrMZK
005 19961101143423.0
007 ta
008 950101s1974 xr f cze d
040 |a BOA001  |b cze 
100 1 |a Švestka, Jaromír,  |d 1937-2019  |7 jn20000402934 
245 1 0 |a Přehled psychofarmak v léčbě psychických poruch 
260 |a Brno,  |c 1974 
910 |a BOA001  |b 4-0734.988 
990 |a BK 
996 7 |b 2619965911  |c 4-0734.988  |l MZK  |r Sklad / do 1 hodiny  |n 6  |w 000119029  |u 000010  |a 1  |e BOA001  |j MZK50  |s A